=LDR 00000nam 2200000 4500 =001 INLIS000000000055605 =005 20200615084505 =035 ##$$a 0010-0620000045 =007 ta =008 200615################g##########0#ind## =082 ##$$a 2x4.16 =084 ##$$a 2x4.16 MIF m =100 1#$$a Miftah, Abu =245 1#$$a Mempersiapkan diri menghadapi maut /$c Abu Miftah =250 ##$$a cet.1 =260 ##$:$b Absatu,$c 2002 =300 ##$$a x, 183 hlm., ; $c 11 x 18 cm =600 #4$$a Hari kematian =990 ##$$a 1035960